Nad Asií se opět kupí krizová mračna

Prekonanie finančnej a menovej krízy v Ázii v rokoch 1997 a 1998. Pomalé ozdravovanie zapríčinené politickou nestabilitou a pomalým pokrokom reforiem.

Guardado en:
Detalles Bibliográficos
Autor principal: Němec, Petr
Formato: Capítulo de libro
Lenguaje:checo
Materias:
Etiquetas: Agregar Etiqueta
Sin Etiquetas, Sea el primero en etiquetar este registro!

MARC

LEADER 00000naa a2200000 4500
001 r040793
005 20231004072102.7
041 0 |a cze 
044 |a CZ 
245 1 0 |a Nad Asií se opět kupí krizová mračna  |c Petr Němec 
520 |a Prekonanie finančnej a menovej krízy v Ázii v rokoch 1997 a 1998. Pomalé ozdravovanie zapríčinené politickou nestabilitou a pomalým pokrokom reforiem. 
610 2 0 |a kríza finančná 
610 2 0 |a kríza menová 
610 2 0 |a Ázia 
610 2 0 |a 1997 
610 2 0 |a 1998 
610 2 0 |a nestabilita politická 
610 2 0 |a reformy hospodárske 
100 1 |a Němec, Petr